Environmentally sustainable development: a life-cycle costing approach for a commercial office building in Melbourne, Australia (Record no. 65887)
[ view plain ]
| 000 -LEADER | |
|---|---|
| fixed length control field | 01487cam a2200289 4500 |
| 001 - CONTROL NUMBER | |
| control field | ABS63394 |
| 008 - FIXED-LENGTH DATA ELEMENTS--GENERAL INFORMATION | |
| fixed length control field | 000000n2000 000 0 eng u |
| 035 ## - SYSTEM CONTROL NUMBER | |
| System control number | (Sirsi) u110529 |
| 100 ## - MAIN ENTRY--PERSONAL NAME | |
| Personal name | Aye, L. |
| 245 ## - TITLE STATEMENT | |
| Title | Environmentally sustainable development: a life-cycle costing approach for a commercial office building in Melbourne, Australia |
| 260 ## - PUBLICATION, DISTRIBUTION, ETC. | |
| Date of publication, distribution, etc. | 2000 |
| 490 ## - SERIES STATEMENT | |
| Series statement | Construction Management and Economics |
| Volume/sequential designation | 18(8) December 2000, 927-934(8) |
| 520 ## - SUMMARY, ETC. | |
| Summary, etc. | A worked example comparing a range of property and construction options using life-cycle costing methodology, using the do-nothing option and a hypothetical option to construct a new building on a ideal site as benchmarks. The key issues discussed include location, commercial viability, ownership and tenure, embodied energy, operating energy and transport energy. The results show that although renovating the existing building has the lowest financial costs the environmental costs are such that the most sustainable option is to build new premises on a suitable site. Includes hypothetical costings and references. |
| 590 ## - LOCAL NOTE (RLIN) | |
| Local note | ABS |
| 650 ## - SUBJECT ADDED ENTRY--TOPICAL TERM | |
| Topical term or geographic name entry element | CONSTRUCTION PROCESS |
| 650 ## - SUBJECT ADDED ENTRY--TOPICAL TERM | |
| Topical term or geographic name entry element | COSTS |
| 650 ## - SUBJECT ADDED ENTRY--TOPICAL TERM | |
| Topical term or geographic name entry element | ENERGY |
| 9 (RLIN) | 6237 |
| 650 ## - SUBJECT ADDED ENTRY--TOPICAL TERM | |
| Topical term or geographic name entry element | ENVIRONMENTAL COSTS |
| 650 ## - SUBJECT ADDED ENTRY--TOPICAL TERM | |
| Topical term or geographic name entry element | LIFE CYCLE COSTING |
| 650 ## - SUBJECT ADDED ENTRY--TOPICAL TERM | |
| Topical term or geographic name entry element | OFFICE BUILDINGS |
| 650 ## - SUBJECT ADDED ENTRY--TOPICAL TERM | |
| Topical term or geographic name entry element | SUSTAINABLE DEVELOPMENT |
| 690 ## - LOCAL SUBJECT ADDED ENTRY--TOPICAL TERM (OCLC, RLIN) | |
| Topical term or geographic name as entry element | BUILT ENVIRONMENT-SUSTAINABLE CONSTRUCTION |
| 700 ## - ADDED ENTRY--PERSONAL NAME | |
| Personal name | Bamford, N. |
| 700 ## - ADDED ENTRY--PERSONAL NAME | |
| Personal name | Charters, B. |
| 700 ## - ADDED ENTRY--PERSONAL NAME | |
| Personal name | Robinson, J. |
| 942 ## - ADDED ENTRY ELEMENTS (KOHA) | |
| Suppress in OPAC | 0 |
| Withdrawn status | Lost status | Source of classification or shelving scheme | Damaged status | Not for loan | Home library | Current library | Shelving location | Date acquired | Total Checkouts | Full call number | Barcode | Date last seen | Copy number | Price effective from | Koha item type |
|---|---|---|---|---|---|---|---|---|---|---|---|---|---|---|---|
| Dewey Decimal Classification | London | London | Journal article | 25/01/2001 | ABS63394 | 110529-1001 | 06/08/2019 | 1 | 06/08/2019 | Journal article |